[Event "Hoogovens-B"]
[Site "Wijk aan Zee"]
[Date "1990.01.??"]
[Round "4"]
[White "Polgar, Judit"]
[Black "Fedorowicz, John P"]
[Result "0-1"]
[WhiteElo "2550"]
[BlackElo "2560"]
[Annotator "Anand,V"]
[PlyCount "102"]
[EventDate "1990.01.??"]
[EventType "tourn"]
[EventRounds "11"]
[EventCountry "NED"]
[EventCategory "9"]
[SourceTitle "CBM 017"]
[Source "ChessBase"]
[SourceDate "1990.08.01"]
[SourceVersion "1"]
[SourceVersionDate "1990.08.01"]
[SourceQuality "1"]

1. e4 {Boensch} c5 2. Nf3 d6 3. d4 cxd4 4. Nxd4 Nf6 5. Nc3 Nc6 6. Bc4 Qb6 7.
Nb3 e6 8. Be3 Qc7 9. Qe2 {Judit played 9.f4 against Damljanovic in an earlier
round} a6 10. Bd3 b5 11. g4 $5 h6 12. f4 Be7 13. O-O-O Nb4 14. Kb1 (14. h4 {
Boensch} Nxd3+ 15. Rxd3 Bb7 $13) 14... Rb8 15. Rc1 (15. h4 {Boensch} h5 $1)
15... Nd7 16. a3 Nc6 (16... Nxd3 $2 17. cxd3 Qd8 18. Na2 $16) 17. Na2 {
Otherwise b4 would be very strong} (17. Rhe1 {Boensch} b4 18. Nd5 exd5 19. exd5
Nce5 20. fxe5 Nxe5 21. Bd4 $13) 17... g5 $1 18. h4 gxf4 19. Bxf4 Nde5 20. Rcg1
$6 (20. Bd2 $1 {Stopping b4 and intending 21.g5 h5 22.Rhf1 with counterplay}) (
20. Bd2 $5 {Boensch}) 20... Nxd3 21. Qxd3 (21. cxd3 b4 $1 22. a4 e5 23. Be3 Be6
$17) 21... b4 $1 22. axb4 Nxb4 23. Qc3 (23. Nxb4 Rxb4 $17 (23... Rxb4 {Boensch}
24. Rd1 Bb7 25. Bxd6 Qxd6 26. Qxd6 Bxd6 27. Rxd6 Bxe4 28. Rh3 $15)) 23... Qxc3
24. Nxc3 e5 25. Bd2 Be6 26. Nc1 Kd7 $17 {White's weaknesses on the kingside
and his two bishops give Black a clear edge} 27. b3 a5 28. N1a2 $6 a4 $1 29.
Nxa4 Nxc2 30. Kxc2 Bxb3+ 31. Kd3 Bxa2 32. Nc3 Be6 $19 33. g5 hxg5 34. hxg5 Rxh1
35. Rxh1 Rg8 36. Rg1 Kc6 37. Be3 Bd8 38. Ra1 Bc8 39. Nd5 Bb7 40. Nb4+ Kd7 41.
Nd5 Ke6 42. Kc4 Bxg5 43. Ra7 Bxd5+ 44. exd5+ Kf6 45. Bb6 (45. Bxg5+ Kxg5 46.
Rxf7 Rc8+ 47. Kd3 Rc5 48. Ke4 Rc4+ 49. Ke3 Rd4) 45... Rc8+ 46. Kd3 Rb8 47. Ra6
Kf5 48. Bc7 e4+ 49. Kc4 Rc8 50. Rc6 Bf4 51. Kd4 Re8 0-1

[Event "Luzern"]
[Site "Luzern"]
[Date "1989.??.??"]
[Round "?"]
[White "Wahls, Matthias"]
[Black "Miralles, Gilles"]
[Result "1-0"]
[WhiteElo "2535"]
[BlackElo "2445"]
[Annotator "Anand,V"]
[PlyCount "65"]
[EventDate "1989.10.??"]
[EventType "tourn"]
[EventRounds "11"]
[EventCountry "SUI"]
[EventCategory "8"]
[SourceTitle "CBM 016"]
[Source "ChessBase"]
[SourceDate "1990.06.01"]
[SourceVersion "1"]
[SourceVersionDate "1990.06.01"]
[SourceQuality "1"]

1. e4 {Boensch (Anand)} c5 2. Nf3 Nc6 3. d4 cxd4 4. Nxd4 Nf6 5. Nc3 d6 6. Bc4
Qb6 7. Nde2 (7. Nb3 {Boensch}) 7... e6 8. O-O Be7 9. Bb3 O-O 10. Bg5 Rd8 (10...
Na5 {Boensch} 11. Kh1 Qc5 12. Bf4 b5 {remis: Wahls-Franco Luzern 1989}) 11. Kh1
Ne5 $6 (11... Na5 $14) (11... Na5 {Boensch}) 12. f4 Neg4 13. Qe1 $16 {Black's
threats are illusory} Qc5 14. Nc1 $1 {I have never seen a knight maneouvre to
d3 in the Sozin before,but the knight is extremely well placed there} h6 15.
Nd3 Qc7 (15... Qe3 16. Bh4 Qxe1 17. Raxe1 $16) 16. Bh4 Ne8 $8 17. Bg3 $1 a6 18.
Qe2 Ngf6 19. f5 exf5 (19... e5 20. Nb4 $16) 20. e5 $1 dxe5 21. Nxe5 $18 Bd6 (
21... Be6 $2 {Boensch} 22. Nxf7 $1 $18) 22. Nxf7 Bxg3 23. Nxd8+ Kh7 24. Ne6
Bxe6 25. Qxe6 Bxh2 26. Nd5 $1 Nxd5 27. Qxf5+ Kh8 28. Qf8+ Kh7 29. Bxd5 Nf6 30.
Qxa8 Nxd5 31. Qe8 Nf6 32. Rxf6 $1 gxf6 33. Rd1 {(Anand)} 1-0

[Event "Podlehnik"]
[Site "Podlehnik"]
[Date "2001.04.29"]
[Round "5"]
[White "Zheliandinov, Viktor"]
[Black "Atalik, Suat"]
[Result "0-1"]
[WhiteElo "2398"]
[BlackElo "2543"]
[Annotator "Atalik,S"]
[PlyCount "96"]
[EventDate "2001.04.24"]
[EventType "tourn"]
[EventRounds "10"]
[EventCountry "SLO"]
[EventCategory "9"]
[SourceTitle "CBM 083"]
[Source "ChessBase"]
[SourceDate "2001.07.05"]
[SourceVersion "1"]
[SourceVersionDate "2001.07.05"]
[SourceQuality "1"]

1. e4 c5 2. Nf3 d6 3. d4 cxd4 4. Nxd4 Nf6 5. Nc3 Nc6 6. Bc4 {The Sozin System.}
Qb6 7. Nb3 e6 8. O-O Be7 9. Be3 Qc7 10. Bd3 a6 11. a4 {A move with which I do
not sympatize much.It allows black N to use b4 square,and once the N is there
black can attack the center by e5 thrust.} b6 12. f4 O-O 13. Kh1 {My opponent
criticized this move quite a lot but I fully believe that it is playable.} (13.
Qf3 Bb7 (13... Rb8 $5) (13... Nb4 $2 14. e5 $1 Bb7 15. exf6 Bxf3 16. fxe7 Qxe7
17. Rxf3 Nxd3 18. cxd3 $16 {I believe in the power of three pieces versus
queen here.}) 14. Qh3 Nb4) 13... Bb7 14. Qf3 Nb4 15. Qh3 e5 $1 {Using the fact
that the N is undisturbable on b4.} 16. Nd2 $1 {and whites N moves to c4 to
exert pressure on weak spot b6.} exf4 (16... d5 {This move would unnecessarily
make the game completely equal.} 17. fxe5 Nxe4 18. Ndxe4 dxe4 19. Nxe4 Nxd3 20.
cxd3 Bxe4 21. dxe4 Qxe5 22. Bxb6 Qxe4 23. Rae1 Qb4 $11) 17. Rxf4 (17. Bxf4 Bc8
18. Qe3 Be6) 17... Nd7 $1 ({I did not like} 17... Bc8 18. Qf3 Be6 19. Bd4 Nd7
20. Nd5 Bxd5 21. exd5 Bg5 (21... Ne5 $2 22. Bxe5 dxe5 23. Rxb4 Bxb4 24. Qe4 f5
25. Qxb4 $18) 22. Rg4 f6 $13) 18. Nc4 b5 $5 {All of a sudden I have panicked
and gone for sacrificial mode.} (18... Bf6 19. Raf1 (19. Rxf6 $2 Nxf6 20. Bxb6
Qe7) (19. e5 $2 Nxd3 20. exf6 Nxf4)) (18... Bg5 19. Rf2 Bxe3 20. Nxe3 Ne5 21.
Nf5 Bc8 $1 22. Qg3 f6 {With a defendable position for black.}) 19. Na5 $4 (19.
axb5 Nxd3 {This is a must.} (19... axb5 $2 20. Rxa8 Rxa8 21. Nxb5 (21. Qf5 $5
bxc4 22. Qxf7+ Kh8 23. Qxe7 cxd3 (23... Nc6 24. Qg5 cxd3 25. Rf7 Rg8 26. Nb5
Qa5 27. cxd3 $44) 24. Rg4 Ra1+ 25. Bg1 Rxg1+ 26. Kxg1 g6 27. Rf4 $18) 21...
Nxd3 $5 (21... Ra1+ 22. Rf1 {The difference.} Rxf1+ 23. Bxf1 Qc6 24. Nd4 $16)
22. Nxc7 Ra1+ 23. Bg1 Nxf4 24. Qxd7 Ne2 25. h4 Rxg1+ 26. Kh2 Bxe4 27. Qe8+ Bf8
28. Ne3 $1 $18 (28. Qxe4 $2 Rh1+ 29. Kxh1 Ng3+ 30. Kh2 Nxe4 31. Nd5 $14)) 20.
cxd3 axb5 21. Rxa8 Rxa8 22. Qf5 $1 {The key move.} (22. Nxb5 $4 Ra1+ 23. Bg1
Qc5 $19) 22... Ra1+ 23. Bg1 Bf6 24. Nxb5 (24. Qxb5 $2 Bd4 25. Ne2 Bxg1 26. Nxg1
d5 27. exd5 Ba6 $1 (27... Qxf4 $2 28. Qxd7 g6 (28... h6 29. Qe8+ Kh7 30. Qe4+
Qxe4 31. dxe4) 29. Qxb7 Qf2 30. Qb8+ Kg7 31. Qe5+ Kg8 $11) 28. Qc6 Qxf4 29.
Qxd7 h6 30. Qe8+ Kh7 31. Qe3 Qxe3 32. Nxe3 Bxd3 $17) 24... Qc5 25. d4 {Is the
move which I have missed.} (25. Qxc5 $6 dxc5 $40 {This also looks playable.} (
25... Nxc5 26. Ncxd6 Bc6 27. d4 Bg5 28. Rf3 Nxe4 29. Nxe4 Bxe4 30. Rc3 h6 $1
$44 {This looks dangerous for white with his king in the corner.} (30... h5 $2
31. Nd6) 31. Nd6 Bf6)) 25... Qxf5 26. exf5 Bg5 (26... d5 27. Ncd6 Bc6 28. Rf3
Bxb5 29. Nxb5 h5 $14 {Because black's activity died.}) 27. Rg4 d5 28. Rxg5 dxc4
$44) 19... Nxd3 $1 {I have chosen to win a pawn rather than the exchange,and I
believe its a reasonable choice.} (19... Bg5 20. Nxb7 Nxd3 21. cxd3 Bxf4 22.
Bxf4 Qxb7 23. Bxd6 Rfd8 24. axb5 axb5 25. Rf1 $44) 20. cxd3 b4 21. Nd5 Bxd5 22.
exd5 Qxa5 23. Qxd7 Bg5 24. Re4 {Once again my opponent played this very
quickly.} (24. Qc6 $5 {A very interesting idea to catch black's queen on the
edge of the board struck my mind during the game.} Rac8 25. Bb6 Rxc6 26. Bxa5
Rc5 27. Rf5 Rxa5 $1 (27... Bd2 28. Bb6 Rc2 29. Bd4) 28. Rxg5 f5 $1 $19) 24...
Bxe3 25. Rxe3 Qxd5 $17 {Black is on the top.However he still has to work.} 26.
Rae1 a5 27. Qg4 g6 28. Qc4 $1 Qg5 $2 {A practical decision.I want to keep
queens in order to exchange under favorable circumstances.} (28... Qxc4 29.
dxc4 Rfd8 $1 30. Rd3 Re8 $1 $17) 29. Qd4 Rac8 30. h4 Qh6 $1 31. R1e2 $2 (31.
Re7 Qg7 (31... Rc1 $2 32. Rxc1 Qxc1+ 33. Kh2 Qd1 34. Qxd6 Qxa4 35. Qf6 ({or} 
35. h5 Qd1 36. Re5)) 32. Qf2 Rc5 33. Re8 Rf5 $1 $17 {And black starts his own
offensive.}) 31... b3 $1 32. g3 $2 {Horribly weakening the second rank.} (32.
Kh2 Rc2 33. Re8 Rxe2 34. Rxe2 Qh5 35. Re4 $1 Qc5 $1 36. Qf6 $1 (36. Qxc5 $2
dxc5 37. Rc4 Rd8 38. Rxc5 Rd4 39. h5 Rxa4 40. h6 Kf8 41. Rb5 Rd4 42. Rxb3 Ke7
43. Rb5 a4 44. Ra5 Kf6 $19) 36... h5 37. Re6 $3 d5 38. Rd6 $36) 32... Rc1+ (
32... Rc2 33. Qxd6 Rxb2 $1 {Is also possible but looks less forced.}) 33. Kg2
Rc2 34. Kf2 Qg7 $1 $19 35. Qxg7+ Kxg7 36. d4 Rb8 $1 37. Kf3 d5 $5 {Now
anything wins but I have calculated the text move till the end.} (37... Rb4 38.
Ke4 (38. Rxc2 $2 bxc2 39. Rc3 Rb3 $1 $19) 38... Rxe2 39. Rxe2 Rxa4 40. Kd3 (40.
Re3 Rb4) 40... Ra1 41. Kc4 a4 42. Kb4 Ra2 $19) (37... Rc4 38. Ke4 Rxa4 39. Kd5
Rb5+ 40. Kc6 Rab4 $19) 38. Re5 (38. Kf4 Rbc8 $1) 38... Rb6 39. Rxd5 Rf6+ 40.
Ke3 Re6+ 41. Re5 Rxe5+ 42. dxe5 Rc4 {The point.} 43. Rd2 Rxa4 44. Rd7 {Nothing
saves white now.} (44. Rd3 Rg4 45. Kf3 Rb4 46. Rd7 Kf8 $19) 44... Ra1 45. Kd2
Kf8 46. Ra7 Rg1 $1 47. Rxa5 Rxg3 {And now whites king is also boxed.} 48. Ra7
h5 (48... h5 49. Rb7 Rh3 50. Kd1 Rxh4 51. Rxb3 Re4 $19) 0-1

[Event "Aegina op"]
[Site "Aegina"]
[Date "1996.??.??"]
[Round "7"]
[White "Istratescu, Andrei"]
[Black "Atalik, Suat"]
[Result "1/2-1/2"]
[WhiteElo "2500"]
[BlackElo "2535"]
[Annotator "Atalik,S"]
[PlyCount "50"]
[EventDate "1996.??.??"]
[EventType "swiss"]
[EventRounds "9"]
[EventCountry "GRE"]
[SourceTitle "EXT 1997"]
[Source "ChessBase"]
[SourceDate "1996.11.15"]
[SourceVersion "1"]
[SourceVersionDate "1996.11.15"]
[SourceQuality "1"]

1. e4 c5 2. Nf3 d6 3. d4 cxd4 4. Nxd4 Nf6 5. Nc3 Nc6 6. Bc4 Qb6 7. Nb3 e6 8.
Bf4 Ne5 9. Be2 Bd7 $1 10. Be3 Qc7 11. f4 Nc4 12. Bxc4 Qxc4 13. Qd3 $1 (13. Qf3
$6 Qc7 $1 14. O-O-O Rc8 $36) 13... Qxd3 (13... b5 14. Qxc4 bxc4 15. Nd2 d5 16.
Bd4 dxe4 (16... Be7 17. Bxf6 (17. e5 Ng4 18. h3 Nh6 19. g4 f6 20. exf6) 17...
Bxf6 18. exd5 Bxc3 (18... exd5 19. Nxd5 Bxb2 20. Rb1 Rb8 21. Nxc4) 19. bxc3
exd5 20. Nf3) 17. Bxf6 gxf6 18. Ncxe4) (13... d5 14. e5) 14. cxd3 Be7 (14... h5
$1 15. a4 h4 16. Nb5 $140 Rc8 $1 17. Kd2 d5 18. e5 a6 19. Nc3 Ng4 20. Bb6 h3
21. g3 g5 $1) 15. Rc1 O-O 16. h3 Rfc8 17. g4 Bc6 18. Rh2 $5 (18. Ke2 $143 $6
$36 d5 19. e5 Nd7 20. Nd4 g5 $132) 18... e5 $1 $8 19. Rhc2 exf4 20. Bxf4 Re8 $8
21. Nd4 d5 22. Kf1 $8 (22. e5 Nd7 $1 23. Ndb5 $140 (23. Nf3 d4 24. Nxd4 Nxe5)
23... Nxe5 $1) 22... dxe4 (22... Bb4 $6 23. e5 $6 (23. exd5 Bxd5 (23... Nxd5
24. Nxc6 (24. Nxd5 Bxd5 25. Nb5 Bxa2 26. Nc7 Bb3 27. Rf2) 24... bxc6 25. Nxd5
cxd5) 24. Ncb5 $40 (24. g5 Bxc3 25. Rxc3 Nh5)) 23... Nd7 24. Nxc6 bxc6 25. d4
f6 26. exf6 Nxf6 27. Ne2 Ne4 28. Rxc6 Bd2 29. Bxd2 Nxd2+ 30. Ke1 Nf3+ 31. Kf2
Rf8 32. Kg3 Rae8 33. Rf1 Re3 $19) 23. Nxc6 bxc6 24. Nxe4 Nxe4 25. dxe4 Bf6 $1 (
25... Bf6 26. e5 (26. Re2 Re6) 26... Bxe5 27. Bxe5 Rxe5 28. Rxc6 h5 29. Rc8+
Rxc8 30. Rxc8+ Kh7 31. Rc7 hxg4 32. hxg4 Ra5 33. Rxf7 Rxa2 $10) 1/2-1/2

[Event "World op 28th"]
[Site "Philadelphia"]
[Date "2000.07.03"]
[Round "6"]
[White "Tate, Emory"]
[Black "Atalik, Suat"]
[Result "1-0"]
[WhiteElo "2309"]
[BlackElo "2575"]
[Annotator "Atalik,S"]
[PlyCount "115"]
[EventDate "2000.06.28"]
[EventType "swiss"]
[EventRounds "9"]
[EventCountry "USA"]
[SourceTitle "EXT 2002"]
[Source "ChessBase"]
[SourceDate "2001.11.25"]
[SourceVersion "1"]
[SourceVersionDate "2001.11.25"]
[SourceQuality "1"]

1. e4 c5 2. Nf3 d6 3. d4 cxd4 4. Nxd4 Nf6 5. Nc3 Nc6 6. Bc4 Qb6 7. Nb3 e6 8. g4
$5 a6 (8... Nxe4 9. Nxe4 d5 10. Bd3 dxe4 11. Bxe4 $14) (8... h6) (8... h5 9. g5
Ng4 10. O-O $1 (10. Qe2 Nge5 11. Be3 Qc7)) 9. Bd3 Qc7 10. g5 Nd7 11. f4 b5 12.
Qg4 Nc5 (12... Nb6) (12... Nb4 $142) 13. Be3 Nb4 (13... Na4 $1 14. Nxa4 bxa4
15. Nd2 Rb8 $40) 14. Nxc5 dxc5 15. O-O-O Nxd3+ 16. cxd3 c4 17. Kb1 Be7 18. dxc4
(18. f5 $6 b4 19. Ne2 (19. Na4 c3 20. Rc1 exf5 21. exf5 Qd7 $17) 19... c3 20.
Rc1 Qd7 $17) 18... Qxc4 19. Qg2 (19. Rd4 e5) 19... Bb7 20. Rd4 Qc7 21. Rc1 Qa5
22. h4 Rc8 23. h5 f5 $4 (23... Bc5 $6 24. Rd3 Bxe3 25. Rxe3 b4 26. Ne2 Rxc1+
27. Nxc1 O-O 28. h6 $36) (23... b4 24. Ne2 Rxc1+ 25. Nxc1 Qb5 26. Nd3 O-O $11)
24. gxf6 Bxf6 25. Qg4 O-O (25... Bxd4 26. Qxe6+ Kf8 27. Bxd4 Qd8 (27... Rc6 28.
Bxg7+ Kxg7 29. Qe7+ $18) 28. Bxg7+ Kxg7 29. h6+ Kf8 30. Qf5+ Ke8 31. Qe5+ Kd7
32. Qg7+ $18) 26. e5 Be7 27. Qxe6+ $6 (27. Rd7 Rc7 28. Qxe6+ Rf7 29. Bb6 Qxb6
30. Qxb6 Rxd7 31. e6 Rf6 32. Nd5 Rxd5 33. Qxb7 $18) 27... Rf7 28. Rd7 $6 (28.
Nd5 $1 Rxc1+ 29. Bxc1 Bxd5 30. Qxd5 $18) 28... Rc6 29. Qb3 Rc7 30. Rxc7 Qxc7
31. Nxb5 $2 (31. Nd5 $18) 31... Be4+ 32. Ka1 Qb7 33. Nd4 $6 (33. Rc7 Qxb5 34.
Qxb5 axb5 35. e6 Rf5 36. Rxe7 h6 $16) 33... Qxb3 34. Nxb3 $6 (34. axb3 $18)
34... Bf3 (34... Rf5 35. Rc7 $18) 35. Rc8+ Rf8 36. Rc7 Bd8 37. Ra7 Bxh5 38. a4
(38. Rxa6 g5 39. fxg5 Rf1+ 40. Nc1 Re1 41. Bf4 Rf1 $44) 38... g5 39. e6 gxf4 $2
(39... Bd1 $132) 40. Bd4 Re8 41. Rg7+ Kf8 42. Nc5 $18 Re7 43. Nd7+ Rxd7 44.
Rxd7 (44. exd7 $4 Bg6 $19) 44... Be7 45. b4 Be8 (45... Bg4 46. Bc5 Bxc5 47.
bxc5 Bxe6 48. Rxh7 f3 49. c6) 46. Bg7+ Kxg7 47. Rxe7+ Kf8 48. Rxh7 Bxa4 49.
Rf7+ Ke8 50. Kb2 Bc6 51. Rxf4 Ke7 52. Kc3 Kxe6 53. Kd4 Bb5 54. Kc5 Ke5 55. Rf8
Ke4 56. Rd8 Ke3 57. Kb6 Bc4 58. Rd6 1-0

[Event "Stepanakert-B"]
[Site "Stepanakert"]
[Date "2005.10.02"]
[Round "1"]
[White "Yegiazarian, Arsen"]
[Black "Tischbierek, Raj"]
[Result "0-1"]
[WhiteElo "2537"]
[BlackElo "2466"]
[Annotator "Atlas,V"]
[PlyCount "86"]
[EventDate "2005.10.02"]
[EventType "tourn"]
[EventRounds "9"]
[EventCountry "ARM"]
[EventCategory "11"]
[SourceTitle "CBM 110"]
[Source "ChessBase"]
[SourceDate "2006.01.31"]
[SourceVersion "1"]
[SourceVersionDate "2006.01.31"]
[SourceQuality "1"]

1. e4 c5 2. Nf3 d6 3. d4 cxd4 4. Nxd4 Nf6 5. Nc3 Nc6 6. Bc4 Bd7 7. O-O g6 8.
Nd5 Bg7 9. Nxc6 Bxc6 10. Bg5 Bxd5 11. exd5 O-O 12. Re1 a6 13. Qe2 Re8 14. Rad1
Qd7 15. Bb3 b5 16. Rd3 Rac8 17. c3 Kf8 18. Rd4 h6 19. Bc1 Rc5 20. Be3 h5 21.
Rb4 Rcc8 22. a4 Rb8 23. axb5 a5 ({The best defense.} 23... axb5 {is strongly
met by} 24. h3 {followed by 25.Ra1 /\Ra7, with a large advantage for White.})
24. Rd4 Qxb5 25. Qxb5 Rxb5 26. Ba4 Rxb2 27. Bxe8 Nxe8 28. Rc4 Rb7 29. Rc8 f5
30. c4 Kf7 31. Ra8 Bc3 32. Rc1 Rb3 33. Ra7 (33. Kf1 {was to be preferred.})
33... Nf6 34. h3 Ne4 35. Kh2 $6 (35. c5 {is met by} dxc5 36. d6 Nxd6 37. Bxc5
Ke6) ({Better was} 35. Rd1) 35... Be5+ 36. f4 Bc3 37. c5 $6 dxc5 38. d6 Nxd6
39. Bxc5 Bd2 40. Rf1 Rd3 41. g3 Bb4 42. Rc1 $4 ({The decisive mistake.
Essential was} 42. Bxd6) 42... Rd2+ 43. Kg1 (43. Kh1 {loses to} Ne4 44. Bxb4
Nxg3+ 45. Kg1 axb4) {[%tqu "En","White is an exchange up, but his pieces are
badly placed. What should Black play to win?","The weakness of the diagonal
g1-a7 is the leitmotif of Black's combination.","Sacrifice your rook!","d2d1",
"This nice move wins on the spot!",4]} 43... Rd1+ {[%csl Ra7,Gb4,Rc1,Rc5,Rg1]
[%cal Cc1d1,Gb4c5] This nice move concludes the game in style.} (43... Rd1+ {
White resigned in view of} 44. Rxd1 Bxc5+ 45. Kg2 Bxa7) 0-1

[Event "American Continental 3rd"]
[Site "Buenos Aires"]
[Date "2005.08.10"]
[Round "5"]
[White "Rojas Keim, Luis Alberto"]
[Black "Bielicki, Carlos"]
[Result "1-0"]
[WhiteElo "2437"]
[BlackElo "2307"]
[Annotator "Atlas,V"]
[PlyCount "75"]
[EventDate "2005.08.06"]
[EventType "swiss"]
[EventRounds "11"]
[EventCountry "ARG"]
[SourceTitle "CBM 109"]
[Source "ChessBase"]
[SourceDate "2005.11.14"]
[SourceVersion "1"]
[SourceVersionDate "2005.11.14"]
[SourceQuality "1"]

1. e4 c5 2. Nf3 d6 3. d4 cxd4 4. Nxd4 Nf6 5. Nc3 Nc6 6. Bc4 Qb6 7. Nb3 e6 8.
Bf4 Ne5 9. Be2 Bd7 10. Qd2 a6 11. O-O-O Qc7 12. Bg3 Bc6 13. f4 Ned7 14. Bf3 b5
15. Rhe1 O-O-O 16. Nd4 Bb7 17. e5 Bxf3 18. Nxf3 b4 19. Nb5 axb5 20. exf6 gxf6
21. Qxb4 Qc5 22. Qd2 Nb6 23. Bf2 Nc4 24. Qe2 Qc6 25. b3 Na3 26. Bd4 Be7 27. Bb2
d5 28. Nd4 Qb6 29. Qh5 Rdf8 30. Re3 Bd6 31. g3 b4 32. Bxa3 bxa3 33. Rc3+ Bc5
34. Qh6 f5 $2 (34... Kb8 35. Qxf6 Rc8 {was to be preferred.}) {[%tqu "En",
"Black's pieces lack coordination. How can White exploit this?","Exploit a
shaky position of the black bishop.","Sacrifice your knight!","d4e6","This
nice move yields White a decisive advantage.",5]} 35. Nxe6 $1 {[%csl Rb6,Rc5,
Rd5,Ge6][%cal Gc3c8,Gh6b6,Gd1d5]} Kb8 (35... fxe6 {loses after} 36. Rxd5 Kb7 (
36... Kb8 37. Rcxc5 $1) 37. Qg7+ Ka8 38. Rdxc5) 36. Rxc5 fxe6 37. Rdxd5 $1 {
threatening 38.Rb5} Qa6 (37... Ka8 {falls short of} 38. Ra5+ Kb8 39. Rdb5) 38.
Rb5+ (38. Rb5+ {, and Black resigned in view of inevitable mate:} Kc8 (38...
Kc7 39. Qg7+) 39. Rdc5+ Kd8 40. Rb8+ Ke7 41. Qg7+ Rf7 42. Rc7+ Kd6 43. Qe5#)
1-0

[Event "YUG-chT"]
[Site "Tivat"]
[Date "1995.??.??"]
[Round "8"]
[White "Rublevsky, Sergei"]
[Black "Nevednichy, Vladislav"]
[Result "1-0"]
[WhiteElo "2595"]
[BlackElo "2480"]
[Annotator "Belov,I"]
[PlyCount "124"]
[EventDate "1995.??.??"]
[EventType "team-swiss"]
[EventRounds "11"]
[EventCountry "YUG"]
[SourceTitle "CBM 048 Extra"]
[Source "ChessBase"]
[SourceDate "1995.11.01"]
[SourceVersion "1"]
[SourceVersionDate "1995.11.01"]
[SourceQuality "1"]

1. e4 c5 2. Nf3 d6 3. d4 cxd4 4. Nxd4 Nf6 5. Nc3 Nc6 6. Bc4 Qb6 7. Nb3 e6 8.
Bf4 Ne5 9. Be2 Be7 (9... Bd7 10. Be3 $1 (10. O-O Be7 11. Be3 Qc7 $13) 10... Qc7
11. Nb5 Qb8 12. f4 Neg4 13. Bxg4 Bxb5 14. Bf3 Be7 15. Nd4 $14 {Sokolov,
A-Khasin,Al/RUS-ch/1994/1:0/48/}) (9... a6 10. Be3 (10. Bg3 h5 11. h3 Qc7 12.
f4 Nc4 13. Bxc4 Qxc4 14. Qf3 h4 $1 $13 {Ivanchuk,V-Kramnik,V/Linares/1993/0:1/
33/}) 10... Qc7 11. f4 Nc4 (11... Nc6 12. a4 b6 13. O-O Bb7 $14) 12. Bxc4 Qxc4
13. Qf3 e5 (13... d5 $6 14. e5 Ne4 15. Nxe4 Qxe4 16. Qxe4 dxe4 17. O-O-O $16 {
Zaitsev,I-Serper,G/Moscow/1991/1:0/41/}) (13... Qc7 14. O-O-O b5 15. a3 Bb7 16.
f5 $1 $16 {Rublevsky,S-Levin,F/Novgorod op/1995/1:0/32/}) 14. f5 b5 $132 {
Solozhenkin,E-Lugovoi,A/St Peterburg-ch/1995/0:1/40/}) 10. Be3 Qc7 11. f4 Nc4 (
11... Ng6 12. O-O O-O 13. g3 Bd7 14. h4 Rfc8 15. h5 Nf8 16. Bf3 h6 17. Rf2 e5
$10 {Zaitsev,I-Makarov,M/Podolsk/1992/0,5/22/}) 12. Nb5 $5 Qc6 13. Bxc4 Qxc4
14. Qd3 Qc6 (14... Qxd3 15. cxd3 Kd8 16. Nxa7 $16) (14... Qxe4 15. Nc7+ Kd8 16.
Nxa8 b6 (16... Qxd3 17. cxd3 b6 18. Nxb6 $18) 17. Nxb6 $18) 15. N3d4 Qd7 16.
O-O-O O-O (16... a6 17. Nc3 O-O $5 18. e5 dxe5 19. fxe5 Ng4) 17. e5 dxe5 18.
fxe5 Ng4 19. Qe2 Nxe3 $6 (19... Nxe5 $5 20. Nf5 exf5 (20... Qe8 21. Nc7 $18)
21. Rxd7 Bxd7 22. Nd4 $13) 20. Qxe3 $16 Bc5 21. Qg3 Bxd4 (21... Qe7 22. Nb3 Bb6
23. Nd6 $16) 22. Nxd4 Qa4 (22... Qe7 $5) 23. Kb1 Bd7 24. h4 f5 (24... Rac8 25.
h5 h6 26. Rh4 $36) 25. b3 f4 (25... Qb4 26. Nxf5 Rxf5 27. Rxd7 $18) 26. Qg4 Qa5
27. Nf3 Qc7 28. Rd4 Bc6 29. Qxe6+ Qf7 30. Qxf7+ Rxf7 31. Re1 Re8 32. Kb2 h6 33.
e6 Rf6 34. e7 Rf7 35. a4 a6 36. a5 g6 37. Re6 Kh7 38. Rdd6 Rg7 39. Ne5 Bxg2 40.
Nxg6 f3 41. Rd8 Rgxe7 42. Rxe7+ Rxe7 43. Nxe7 f2 44. Rf8 f1=Q 45. Rxf1 Bxf1 46.
Kc3 Kg7 47. Nf5+ Kf6 48. Ng3 Bg2 49. Kd4 Ke6 50. c4 Bc6 51. b4 Bf3 52. b5 axb5
53. cxb5 Bg2 54. Ne4 Kd7 55. Nd2 Ke6 56. Kc5 Kd7 57. Kb6 Bd5 58. Nb1 Kd6 59.
Nc3 Bf3 60. Na4 Kd7 61. Nc5+ Kc8 62. Ka7 Kc7 1-0

[Event "Oslo Cup"]
[Site "Oslo"]
[Date "1991.??.??"]
[Round "6"]
[White "Elseth, Roar"]
[Black "Gronn, Atle"]
[Result "1-0"]
[WhiteElo "2345"]
[BlackElo "2365"]
[Annotator "Blatny,P"]
[PlyCount "37"]
[EventDate "1991.03.??"]
[EventType "tourn"]
[EventRounds "9"]
[EventCountry "NOR"]
[EventCategory "9"]
[SourceTitle "CBM 023"]
[Source "ChessBase"]
[SourceDate "1991.08.01"]
[SourceVersion "1"]
[SourceVersionDate "1991.08.01"]
[SourceQuality "1"]

1. e4 c5 2. Nf3 Nc6 3. d4 cxd4 4. Nxd4 Nf6 5. Nc3 d6 6. Bc4 Qb6 7. Nb3 e6 8.
O-O Be7 9. Be3 Qc7 10. f4 a6 11. a4 d5 12. exd5 Nb4 13. Bd3 (13. Qe2 exd5 14.
Bd3 O-O 15. Rae1 Nc6 16. Qf3 Rd8 17. Nd4 Nxd4 18. Bxd4 Bc5 19. Bxc5 Qxc5+ 20.
Kh1 Bd7 21. Re5 $14 {Frolov-Ruban,Podolsk GMA-qual 1989}) 13... Nbxd5 14. Nxd5
Nxd5 15. Bd2 $5 {N} (15. Bd4 Bf6 16. Be4 Bxd4+ 17. Qxd4 O-O 18. Bxd5 Rd8 19.
Qc4 Qb6+ 20. Qc5 Qxc5+ 21. Nxc5 Rxd5 22. Rfd1 b6 23. Rxd5 exd5 24. Nb3 a5 25.
Nd4) 15... Bf6 (15... Bd7 $142 {/\ Bc6}) 16. c4 Qb6+ (16... Nb6 17. Qc2 $16) (
16... Ne7 $8 17. Qc2 $40 {(),/^ b1-h7}) 17. Kh1 Ne3 $2 (17... Nb4 $4 18. c5 $18
) (17... Nc7 18. Qc2 $1 {/\ Ba5,c5 ;><h7} Qd6 $8 19. Be3 {/\ Rad1,Bc5 +- ףd6})
(17... Ne7 18. Qc2 {/\ Ba5,Rad1 +/-}) 18. Bxe3 Qxe3 19. c5 $3 {and Black
resigned because he cannot defend against the threat Rf3! This is the most
wonderful queen trap I have seen in this year.It is on move 19,linked with the
new idea in the opening (15.Bd2) and finished by a silent move!} 1-0